LEADER 00987nam a2200253 4500 001 000000342139 003 CaOOAMICUS 005 20200918000000.0 008 200918s2015 it 000 u ita r 020 $a978-88-581-0878-9 040 $aSeMil$bita 100 1 $aCarofiglio, Gianrico,$d<1961- >.$0(OLS)http://semarc/name/77970 245 10$aNé qui né altrove :$buna notte a Bari /$cGianrico Carofiglio. 250 $a2. ed. 264 1$aRoma ; Bari :$bLaterza,$c2015. 300 $aIX, 159 p. ;$c21 cm 830 0$aEconomica ;$v653.$0(OLS)http://semarc/title/21086 850 $aSeMil 852 $aSeMil$W1$xVenegono$y1$m1A II 265$j222312$B233139$CSeMilBibl$Z2$F233139 $81 961 $aLorenzi don Ugo - Omaggio 996 $6020$a978-88-581-0878-9$9(OLS)http://semarc/number/291255 996 $6245$aNé qui né altrove :$buna notte a Bari$9(OLS)http://semarc/title/431008 996 $6264$aRoma ; Bari :$bLaterza$9(OLS)http://semarc/publisher/30305 LEADER 01164nam a2200217 i 4500 001 000000246693 003 CaOOAMICUS 005 20151120000000.0 008 151120s1895 it u000 u ita u 013 $a225598 040 $aSeMil$bita 245 13$aIl giubileo sacerdotale e giornalistico del dottor Davide Albertario direttore dell'Osservatore cattolico :$bcronaca, documenti, polemica : 18 ottobre 1894. 260 $aMilano :$bTipografia Pontificia S. Giuseppe,$c1895. 300 $a323 p. ;$c27 cm. 650 4$aAlbertario, Davide - Celebrativi.$0(OLS)http://semarc/subject/42680 700 1 $aAlbertario, Davide,$c.$0(OLS)http://semarc/name/14608 850 $aSeMil 852 $aSeMil$W1$xVenegono$y1$m3G V 30 FA$j197039$B197039$CSeMilBibl$Z2$F208050 $8I 961 $aRecupero: Seminario del Duomo 996 $6245$aIl giubileo sacerdotale e giornalistico del dottor Davide Albertario direttore dell'Osservatore cattolico :$bcronaca, documenti, polemica : 18 ottobre 1894$9(OLS)http://semarc/title/348493 996 $6260$aMilano :$bTipografia Pontificia S. Giuseppe$9(OLS)http://semarc/publisher/30602